| 000 | 03423cam a2200493 a 4500 | ||
|---|---|---|---|
| 001 | 16522183 | ||
| 005 | 20170105102910.0 | ||
| 008 | 101028s2011 enk b 001 0 eng | ||
| 010 | _a 2010045109 | ||
| 016 | 7 |
_a015618346 _2Uk |
|
| 020 | _a9780415594103 | ||
| 020 | _a0415594103 | ||
| 020 | _a9780415594110 (pbk.) | ||
| 020 | _a0415594111 (pbk.) | ||
| 020 | _a9780203830727 (ebook) | ||
| 020 | _a0203830725 (ebook) | ||
| 035 | _a(OCoLC)ocn641535585 | ||
| 040 |
_aDLC _cDLC _dYDX _dBTCTA _dYDXCP _dCHRRO _dBWX _dVVC _dCDX _dUKMGB _dDLC |
||
| 043 |
_aaw----- _aff----- |
||
| 050 | 0 | 0 |
_aHV6250.4.W65 _bG464 2011 |
| 072 | 7 |
_as1zz _2rero |
|
| 082 | 0 | 0 |
_a362.83 _222 |
| 245 | 0 | 0 |
_aGender and violence in the Middle East / _cedited by Moha Ennaji and Fatima Sadiqi. |
| 260 |
_aAbingdon, Oxon ; _aNew York : _bRoutledge, _c2011. |
||
| 300 |
_axvii, 279 p. ; _c25 cm. |
||
| 490 | 1 |
_aUCLA center for Middle East development (CMED) ; _v4 |
|
| 504 | _aIncludes bibliographical references (p. [247]-267) and index. | ||
| 505 | 0 | _aIntroduction: contextualizing gender and violence in the Middle East / Moha Ennaji and Fatima Sadiqi -- Conceptualization and theoretical background. Feminist anthropological perspectives on violence / Patricia Zuckerhut -- Armed conflict and gender-based violence. Counter-narratives of Palestinian women : the construction of her-story and the politics of fear / Nadera Shalhoub-Kevorkian ; Gender, youth and institutional support in the occupied Palestinian territories / Islah Jad ; Impact of armed conflict on gender roles in Lebanon / Lamia Rustum Shehadeh -- Politics, war, and violence against women in Iraq and Afghanistan. War and gender in Bathist Iraq / Achim Rohde ; Violence against Afghan women : tradition, religion, conflict, and war / Anne E. Brodsky -- Religious and social violence against women. Religious-based violence against women, and feminist responses : Iran, Afghanistan, and Algeria / Valentine M. Moghadam ; Strategy in the battles over her : Islamism and secularism / Sherifa Zuhur ; Reproductive health correlates of intimate partner violence in Jordan / Cari Jo Clark -- Gender-based discrimination and legal reform. Legal reforms on violence against women in Turkey : best practices / Pinar Ilkkaracan and Liz Ercevik Amado ; Violence against women in Morocco : advances, contentions, and strategies to combat it / Moha Ennaji -- Language, sexual harassment and media. Women and the violence of stereotypes in Morocco / Fatima Sadiqi ; Dismantling the discourses of war : Palestinian women filmmakers address violence / Nadia Yaqub. | |
| 650 | 0 |
_aWomen _xViolence against _zMiddle East. |
|
| 650 | 0 |
_aWomen _xViolence against _zAfrica, North. |
|
| 650 | 0 |
_aSex discrimination against men _zMiddle East. |
|
| 650 | 0 |
_aSex discrimination against men _zAfrica, North. |
|
| 650 | 0 |
_aPatriarchy _zMiddle East. |
|
| 650 | 0 |
_aPatriarchy _zAfrica, North. |
|
| 650 | 0 |
_aSex role _zMiddle East. |
|
| 650 | 0 |
_aSex role _zAfrica, North. |
|
| 700 | 1 | _aEnnaji, Moha. | |
| 700 | 1 | _aSadiqi, Fatima. | |
| 830 | 0 |
_aUCLA Center for Middle East Development series ; _v4. |
|
| 856 | 4 | 2 |
_3Contributor biographical information _uhttp://www.loc.gov/catdir/enhancements/fy1204/2010045109-b.html |
| 906 |
_a7 _bcbc _corignew _d1 _eecip _f20 _gy-gencatlg |
||
| 942 |
_2ddc _cBK |
||
| 999 |
_c15072 _d15072 |
||